Art Fundamentals:Theory and Practice (Record no. 14397)

MARC details
000 -LEADER
fixed length control field 00362nam a2200145Ia 4500
008 - FIXED-LENGTH DATA ELEMENTS--GENERAL INFORMATION
fixed length control field 230312s9999||||xx |||||||||||||| ||und||
020 ## - INTERNATIONAL STANDARD BOOK NUMBER
International Standard Book Number 978-0073379272
082 ## - DEWEY DECIMAL CLASSIFICATION NUMBER
Classification number 701.8
Item number OCV-A
100 ## - MAIN ENTRY--PERSONAL NAME
Personal name Ocvirk;Otto.G
245 #0 - TITLE STATEMENT
Title Art Fundamentals:Theory and Practice
260 ## - PUBLICATION, DISTRIBUTION, ETC.
Name of publisher, distributor, etc. McGraw Hill
Place of publication, distribution, etc. NY
Date of publication, distribution, etc. 2013
300 ## - PHYSICAL DESCRIPTION
Extent 323
650 ## - SUBJECT ADDED ENTRY--TOPICAL TERM
Topical term or geographic name entry element Architecture
Form subdivision ART
942 ## - ADDED ENTRY ELEMENTS (KOHA)
Koha item type BOOK
Holdings
Withdrawn status Lost status Source of classification or shelving scheme Damaged status Not for loan Home library Current library Date acquired Total Checkouts Total Renewals Full call number Barcode Date last seen Date last checked out Price effective from Koha item type
    Dewey Decimal Classification     Superior Information Resource Center (SIRC) Superior University- Central Library Superior Information Resource Center (SIRC) Superior University- Central Library 03/13/2023 1 1 701.8 OCV-A 14532 12/20/2024 10/15/2024 03/13/2023 BOOK

Powered by Koha